[Event "RUS-chT Seniors final"]
[Site "Sochi"]
[Date "2019.05.03"]
[Round "3.1"]
[White "Sveshnikov, Evgeny"]
[Black "Nikolenko, Oleg"]
[Result "1/2-1/2"]
[WhiteElo "2488"]
[BlackElo "2462"]
[PlyCount "102"]
[EventDate "2019.05.01"]
[EventType "team-tourn"]
[EventRounds "9"]
[EventCountry "RUS"]
[SourceTitle "CBM 190 Extra"]
[Source "ChessBase"]
[SourceDate "2019.07.15"]
[SourceVersion "1"]
[SourceVersionDate "2019.07.15"]
[SourceQuality "1"]
[WhiteTeam "Cheliabinsk Yuzhnyy Ural"]
[BlackTeam "Moscow Legacy Square"]
[WhiteTeamCountry "RUS"]
[BlackTeamCountry "RUS"]

1. e4 e6 2. d4 d5 3. Nc3 Bb4 4. Nge2 dxe4 5. a3 Bxc3+ 6. Nxc3 Nc6 7. d5 exd5 8. Qxd5 Be6 9. Qxd8+ Rxd8 10. Nxe4 Nd4 11. Bd3 Bc4 12. 0-0 Bxd3 13. cxd3 Ne7 14. b4 0-0 15. Bb2 Ng6 16. Rfd1 Nf4 17. Kf1 Rfe8 18. g3 Nfe6 19. Rac1 b6 20. h4 h6 21. Nd2 Re7 22. Nc4 f6 23. Ne3 Red7 24. Bxd4 Nxd4 25. Rc3 Kf7 26. Nc2 Ne6 27. Ne3 g5 28. h5 Nd4 29. Nc2 Nb5 30. Rb3 f5 31. a4 Nd6 32. Nd4 Re8 33. Rc1 Kf6 34. Rbc3 Rc8 35. Rc6 a6 36. f4 gxf4 37. gxf4 Kf7 38. Nf3 Ke6 39. Re1+ Kd5 40. Rc2 Re8 41. Rec1 Rg7 42. Rxc7 Rg4 43. a5 Rxf4 44. Kf2 Rxb4 45. axb6 Rb2+ 46. Kf1 Rxb6 47. R1c5+ Ke6 48. Nd4+ Kf6 49. R7c6 Rxc6 50. Rxc6 Ke5 51. Rxa6 Kxd4 1/2-1/2

[Event "Moscow-chT"]
[Site "Moscow"]
[Date "2018.09.30"]
[Round "7.2"]
[White "Obolentseva, Alexandra"]
[Black "Nikolenko, Oleg"]
[Result "1/2-1/2"]
[WhiteElo "2298"]
[BlackElo "2466"]
[PlyCount "84"]
[EventDate "2018.09.20"]
[EventType "team-swiss"]
[EventRounds "7"]
[EventCountry "RUS"]
[SourceTitle "CBM 186 Extra"]
[Source "ChessBase"]
[SourceDate "2018.08.24"]
[SourceVersion "1"]
[SourceVersionDate "2018.08.24"]
[SourceQuality "1"]
[WhiteTeam "Botvinnik Chess School"]
[BlackTeam "Automatika"]
[WhiteTeamCountry "RUS"]
[BlackTeamCountry "RUS"]

1. d4 Nf6 2. c4 g6 3. Nc3 d5 4. Nf3 Bg7 5. e3 0-0 6. cxd5 Nxd5 7. Bc4 Nxc3 8. bxc3 c5 9. 0-0 Qc7 10. Qe2 Bg4 11. Bd5 e6 12. Be4 Nd7 13. Rb1 Rab8 14. h3 Bxf3 15. Qxf3 b5 16. Bc6 b4 17. cxb4 cxb4 18. Bd2 a5 19. Rfc1 Rfc8 20. Qe2 Qd6 21. Bxd7 Qxd7 22. Qa6 Rxc1+ 23. Rxc1 a4 24. Qa5 b3 25. axb3 axb3 26. Bc3 e5 27. d5 Qb5 28. d6 Bf6 29. Qxb5 Rxb5 30. f4 Kf8 31. fxe5 Bxe5 32. Bxe5 Rxe5 33. Rc8+ Kg7 34. d7 b2 35. d8Q b1Q+ 36. Kh2 Qe4 37. Qg8+ Kf6 38. Qd8+ Re7 39. Qh8+ Kg5 40. Qxh7 Qxe3 41. Rc4 Qe5+ 42. Kh1 Qe1+ 1/2-1/2

[Event "Moscow-chT"]
[Site "Moscow"]
[Date "2018.09.23"]
[Round "3.3"]
[White "Maltsevskaya, Aleksandra"]
[Black "Nikolenko, Oleg"]
[Result "1/2-1/2"]
[WhiteElo "2234"]
[BlackElo "2466"]
[PlyCount "44"]
[EventDate "2018.09.20"]
[EventType "team-swiss"]
[EventRounds "7"]
[EventCountry "RUS"]
[SourceTitle "CBM 186 Extra"]
[Source "ChessBase"]
[SourceDate "2018.08.24"]
[SourceVersion "1"]
[SourceVersionDate "2018.08.24"]
[SourceQuality "1"]
[WhiteTeam "Karpov Chess School II"]
[BlackTeam "Automatika"]
[WhiteTeamCountry "RUS"]
[BlackTeamCountry "RUS"]

1. e4 e6 2. d4 d5 3. Nc3 Be7 4. Nf3 Nf6 5. Bd3 c5 6. exd5 exd5 7. dxc5 0-0 8. h3 Nbd7 9. 0-0 Nxc5 10. Nd4 Nce4 11. Nce2 Bc5 12. c3 Re8 13. Be3 Bd7 14. Nf4 Rc8 15. Re1 Bb6 16. Nh5 g6 17. Nxf6+ Qxf6 18. a4 a6 19. Bxe4 Rxe4 20. Qb3 Qd6 21. Nf5 Bxf5 22. Qxb6 Qxb6 1/2-1/2

[Event "RUS-chT2"]
[Site "Sochi"]
[Date "2018.05.07"]
[Round "6.2"]
[White "Oganian, Miran"]
[Black "Nikolenko, Oleg"]
[Result "1-0"]
[WhiteElo "2422"]
[BlackElo "2480"]
[PlyCount "97"]
[EventDate "2018.05.01"]
[EventType "team-swiss"]
[EventRounds "9"]
[EventCountry "RUS"]
[SourceTitle "CBM 184 Extra"]
[Source "ChessBase"]
[SourceDate "2018.06.28"]
[SourceVersion "1"]
[SourceVersionDate "2018.06.28"]
[SourceQuality "1"]
[WhiteTeam "Auditing company SiViSi"]
[BlackTeam "Moscow Automatics"]
[WhiteTeamCountry "RUS"]
[BlackTeamCountry "RUS"]

1. d4 Nf6 2. c4 g6 3. Nc3 d5 4. Bg5 Bg7 5. Bxf6 Bxf6 6. cxd5 c6 7. e4 cxd5 8. Bb5+ Bd7 9. Bxd7+ Qxd7 10. exd5 Na6 11. Nf3 0-0 12. 0-0 Nc7 13. Qb3 Rfd8 14. Ne5 Bxe5 15. dxe5 Nxd5 16. Rad1 e6 17. Nxd5 exd5 18. Rd4 Rac8 19. h4 b6 20. Rfd1 Qf5 21. Rxd5 Rxd5 22. Qxd5 Rc5 23. Qa8+ Kg7 24. Qxa7 Rb5 25. b3 Qxe5 26. Qd7 Rc5 27. Qd2 Qe4 28. Qb2+ Kh6 29. Qf6 Rf5 30. Qxb6 Qxh4 31. Qe3+ Kg7 32. Qd4+ Qxd4 33. Rxd4 Rc5 34. g3 Rc2 35. a4 Ra2 36. Rd5 f5 37. a5 Kh6 38. b4 Kg5 39. Kg2 h5 40. Rd6 Ra4 41. Rb6 h4 42. gxh4+ Kxh4 43. a6 g5 44. b5 g4 45. Rh6+ Kg5 46. Rh1 f4 47. Rb1 Kh4 48. b6 f3+ 49. Kg1 1-0

[Event "RUS-chT2"]
[Site "Sochi"]
[Date "2018.05.01"]
[Round "1.2"]
[White "Sadovsky, Artem"]
[Black "Nikolenko, Oleg"]
[Result "0-1"]
[WhiteElo "2393"]
[BlackElo "2480"]
[PlyCount "110"]
[EventDate "2018.05.01"]
[EventType "team-swiss"]
[EventRounds "9"]
[EventCountry "RUS"]
[SourceTitle "CBM 184 Extra"]
[Source "ChessBase"]
[SourceDate "2018.06.28"]
[SourceVersion "1"]
[SourceVersionDate "2018.06.28"]
[SourceQuality "1"]
[WhiteTeam "Tula Region"]
[BlackTeam "Moscow Automatics"]
[WhiteTeamCountry "RUS"]
[BlackTeamCountry "RUS"]

1. d4 e6 2. c4 Nf6 3. Nf3 b6 4. g3 Ba6 5. Nbd2 c5 6. Bg2 Nc6 7. Ne5 Nxd4 8. e3 Nf5 9. Qa4 Qc8 10. Bxa8 Qxa8 11. Rg1 Qb7 12. g4 Nd6 13. Qc2 Be7 14. b3 Nfe4 15. Bb2 Nxd2 16. Qxd2 Ne4 17. Qc2 d6 18. Nd3 0-0 19. 0-0-0 b5 20. f3 bxc4 21. bxc4 Ng5 22. f4 Ne4 23. g5 Rb8 24. Rg2 Qc6 25. h4 Bb7 26. h5 Ba8 27. h6 g6 28. Nf2 Rb4 29. a3 Rb6 30. Nxe4 Qxe4 31. Qc3 f6 32. gxf6 Bf8 33. f7+ Kxf7 34. Rgd2 Ke8 35. Rd3 Bb7 36. Qc2 Bxh6 37. Rxd6 Qxe3+ 38. Kb1 Rxd6 39. Rxd6 Ke7 40. Qd1 Qe4+ 41. Ka1 Bd5 42. Ra6 Qxc4 43. Rxa7+ Kf8 44. Qb1 Bxf4 45. Rxh7 e5 46. Rh8+ Bg8 47. Rh3 e4 48. Rc3 Qd5 49. a4 e3 50. Rd3 Qc4 51. Rd8+ Ke7 52. Rxg8 Qxa4+ 53. Qa2 Qd1+ 54. Qb1 e2 55. Bc3 Be5 0-1

[Event "Moscow Aeroflot op-B 16th"]
[Site "Moscow"]
[Date "2017.02.22"]
[Round "2"]
[White "Ovod, Evgenija"]
[Black "Nikolenko, Oleg"]
[Result "1-0"]
[WhiteElo "2380"]
[BlackElo "2490"]
[PlyCount "87"]
[EventDate "2017.02.21"]
[EventType "swiss"]
[EventRounds "9"]
[EventCountry "RUS"]
[SourceTitle "CBM 177 Extra"]
[Source "ChessBase"]
[SourceDate "2017.04.27"]
[SourceVersion "1"]
[SourceVersionDate "2017.04.27"]
[SourceQuality "1"]

1. d4 Nf6 2. Bg5 Ne4 3. Bf4 c5 4. f3 Qa5+ 5. c3 Nf6 6. d5 Qb6 7. Bc1 e6 8. e4 exd5 9. exd5 Bd6 10. Na3 0-0 11. Ne2 Re8 12. Nc4 Qc7 13. Nxd6 Qxd6 14. c4 b5 15. b3 bxc4 16. bxc4 Qe5 17. Bd2 d6 18. Kf2 Nbd7 19. Qc1 Nb6 20. Bf4 Qe7 21. Ng3 Rb8 22. Rb1 g6 23. h4 h5 24. Rb3 Ba6 25. Ra3 Bxc4 26. Re3 Ng4+ 27. fxg4 Qf6 28. Rxe8+ Rxe8 29. Bxc4 Qd4+ 30. Be3 Qf6+ 31. Kg1 Nxc4 32. g5 Qe5 33. Qxc4 Qxg3 34. Bf2 Qe5 35. Rh3 Qa1+ 36. Kh2 Qe5+ 37. Bg3 Qa1 38. Qb5 Rd8 39. Bxd6 c4 40. Re3 Qd4 41. Re8+ Kh7 42. Bg3 Rxd5 43. Qxd5 Qxd5 44. Be5 1-0

[Event "Moscow-chT"]
[Site "Moscow"]
[Date "2016.10.25"]
[Round "5.1"]
[White "Nikolenko, Oleg"]
[Black "Vakhlamov, Igor L"]
[Result "0-1"]
[WhiteElo "2499"]
[BlackElo "2380"]
[PlyCount "89"]
[EventDate "2016.10.18"]
[EventType "team-swiss"]
[EventRounds "9"]
[EventCountry "RUS"]
[SourceTitle "CBM 175 Extra"]
[Source "ChessBase"]
[SourceDate "2016.12.12"]
[SourceVersion "1"]
[SourceVersionDate "2016.12.12"]
[SourceQuality "1"]
[WhiteTeam "Automatika"]
[BlackTeam "MGU"]
[WhiteTeamCountry "RUS"]
[BlackTeamCountry "RUS"]

1. e4 e6 2. d4 d5 3. Nd2 Nc6 4. c3 e5 5. exd5 Qxd5 6. Ngf3 exd4 7. Bc4 Qh5 8. 0-0 Be6 9. Bxe6 fxe6 10. Qb3 0-0-0 11. cxd4 Nf6 12. Re1 Nxd4 13. Nxd4 Rxd4 14. Qxe6+ Rd7 15. Qc4 Bc5 16. Nf3 Ng4 17. Be3 Bxe3 18. fxe3 Ne5 19. Nxe5 Qxe5 20. Re2 Re8 21. Rf1 a6 22. h3 Kb8 23. Rf7 Rd1+ 24. Kf2 Rd2 25. Qf4 Rxe2+ 26. Kxe2 Qxb2+ 27. Kf3 Qc3 28. Rf8 Rxf8 29. Qxf8+ Ka7 30. g4 Qf6+ 31. Qxf6 gxf6 32. Ke4 Kb8 33. h4 Kc8 34. Kd5 Kd7 35. e4 b6 36. e5 c6+ 37. Ke4 Ke6 38. exf6 Kxf6 39. Kd4 Ke6 40. Ke4 c5 41. g5 b5 42. h5 c4 43. a3 a5 44. Kd4 b4 45. a4 0-1

[Event "RUS-chT2"]
[Site "Sochi"]
[Date "2016.05.03"]
[Round "3.1"]
[White "Demidov, Mikhail"]
[Black "Nikolenko, Oleg"]
[Result "1-0"]
[WhiteElo "2506"]
[BlackElo "2505"]
[PlyCount "71"]
[EventDate "2016.05.01"]
[EventType "team-swiss"]
[EventRounds "9"]
[EventCountry "RUS"]
[SourceTitle "CBM 172 Extra"]
[Source "ChessBase"]
[SourceDate "2016.06.21"]
[SourceVersion "1"]
[SourceVersionDate "2016.06.21"]
[SourceQuality "1"]
[WhiteTeam "Moscow Boavista"]
[BlackTeam "Moscow Automation"]
[WhiteTeamCountry "RUS"]
[BlackTeamCountry "RUS"]

1. d4 Nf6 2. Nf3 g6 3. g3 Bg7 4. Bg2 d5 5. 0-0 0-0 6. c3 c6 7. Nbd2 Bf5 8. Nh4 Be6 9. f4 Qc8 10. e4 Nxe4 11. Nxe4 dxe4 12. Bxe4 Bd5 13. Bxd5 cxd5 14. f5 Nc6 15. Bg5 Qd7 16. Qd2 f6 17. Bh6 g5 18. Bxg7 Kxg7 19. Ng2 b5 20. Ne1 b4 21. cxb4 Rfb8 22. Nd3 Qd6 23. Nc5 Rxb4 24. Ne6+ Kh8 25. Rac1 Rab8 26. b3 a5 27. Rf3 Nd8 28. Nc5 Nc6 29. Rd3 Rc8 30. Ne6 Rcb8 31. Rdc3 R4b6 32. Kg2 h6 33. Qe2 Rg8 34. Qh5 Kh7 35. Qf7+ Kh8 36. Nf8 1-0

[Event "RUS-chT2"]
[Site "Sochi"]
[Date "2016.05.02"]
[Round "2.2"]
[White "Nikolenko, Oleg"]
[Black "Khismatullin, Denis Rimovich"]
[Result "0-1"]
[WhiteElo "2505"]
[BlackElo "2609"]
[PlyCount "88"]
[EventDate "2016.05.01"]
[EventType "team-swiss"]
[EventRounds "9"]
[EventCountry "RUS"]
[SourceTitle "CBM 172 Extra"]
[Source "ChessBase"]
[SourceDate "2016.06.21"]
[SourceVersion "1"]
[SourceVersionDate "2016.06.21"]
[SourceQuality "1"]
[WhiteTeam "Moscow Automation"]
[BlackTeam "Togliatti Bulbasaur"]
[WhiteTeamCountry "RUS"]
[BlackTeamCountry "RUS"]

1. e4 c5 2. Nf3 d6 3. Nc3 Nf6 4. e5 dxe5 5. Nxe5 a6 6. g3 Qd6 7. Nf3 b5 8. Bg2 Bb7 9. 0-0 e6 10. Re1 Nbd7 11. d3 Be7 12. a4 Qb6 13. b3 0-0 14. Bb2 c4 15. bxc4 bxc4 16. Rb1 Qc7 17. dxc4 Rac8 18. Ba1 Nb6 19. Ne5 Bxg2 20. Kxg2 Nxc4 21. Nxc4 Qxc4 22. Qf3 Rfd8 23. Ne4 Nd5 24. Rb7 Qc6 25. Ra7 f6 26. c4 Qxc4 27. Rxe7 Nxe7 28. Nxf6+ Kh8 29. Re4 Qc6 30. Nh5 Nf5 31. Kh3 Qd7 32. Qg4 Qf7 33. Nf4 Rc6 34. Qe2 Re8 35. g4 Nd6 36. Nh5 Nxe4 37. Qxe4 Rec8 38. Bxg7+ Kg8 39. Bb2 Rc4 40. Qe5 Qf3+ 41. Ng3 Qxg4+ 42. Kg2 Qg6 43. h4 h5 44. f3 Kh7 0-1

[Event "Moscow Aeroflot op-B 15th"]
[Site "Moscow"]
[Date "2016.03.03"]
[Round "3"]
[White "Nikolenko, Oleg"]
[Black "Tsydypov, Zhamsaran"]
[Result "0-1"]
[WhiteElo "2511"]
[BlackElo "2425"]
[PlyCount "168"]
[EventDate "2016.03.01"]
[EventType "swiss"]
[EventRounds "9"]
[EventCountry "RUS"]
[SourceTitle "CBM 171 Extra"]
[Source "ChessBase"]
[SourceDate "2016.04.26"]
[SourceVersion "1"]
[SourceVersionDate "2016.04.26"]
[SourceQuality "1"]

1. e4 c5 2. Nf3 d6 3. d4 cxd4 4. Nxd4 Nf6 5. Nc3 a6 6. Be2 g6 7. 0-0 Bg7 8. Re1 0-0 9. Bf1 Nc6 10. Nb3 Bg4 11. f3 Be6 12. Bg5 Rc8 13. Kh1 Ne5 14. a4 Bc4 15. Nd2 Be6 16. Nb3 Qc7 17. Nd4 Qa5 18. Nxe6 fxe6 19. Bd2 Qb6 20. Ra3 Nh5 21. Rb3 Qf2 22. Re2 Ng4 23. Qe1 Bd4 24. Rxf2 Nxf2+ 25. Qxf2 Bxf2 26. Rxb7 Rb8 27. Rxb8 Rxb8 28. b3 a5 29. Bc4 Kf7 30. Ne2 Bb6 31. g4 Ng7 32. h4 Ne8 33. Nf4 Nc7 34. Nh3 Ke8 35. Kg2 Kd7 36. f4 Rf8 37. Bd3 e5 38. fxe5 dxe5 39. Bh6 Rc8 40. Bg7 Bd4 41. Ng5 Rg8 42. Bh6 Be3 43. Bc4 Rb8 44. Nf7 Bxh6 45. Nxh6 Ne8 46. Nf7 Nf6 47. Nxe5+ Kd6 48. Nf7+ Kc5 49. Kf3 Kd4 50. e5 Ne4 51. Kf4 Rf8 52. c3+ Nxc3 53. Kg5 Nd5 54. e6 Ne3 55. Bb5 Rb8 56. Kh6 Nxg4+ 57. Kxh7 Rb6 58. Bc4 Ne3 59. Ng5 Nf5 60. Nf3+ Ke3 61. Kxg6 Kf4 62. h5 Rb8 63. Nd2 Rf8 64. b4 axb4 65. a5 Rf6+ 66. Kh7 Rh6+ 67. Kg8 Rxh5 68. a6 Nd6 69. Kf8 Ke5 70. Kxe7 Rh7+ 71. Kd8 Nxc4 72. e7 Nd6 73. Nc4+ Kf6 74. Nxd6 Rxe7 75. Nb7 b3 76. a7 b2 77. a8Q b1Q 78. Qa6+ Re6 79. Nd6 Qb8+ 80. Kd7 Re7+ 81. Kc6 Qc7+ 82. Kb5 Re5+ 83. Ka4 Qc2+ 84. Kb4 Qb2+ 0-1

[Event "Moscow Aeroflot op-B 15th"]
[Site "Moscow"]
[Date "2016.03.01"]
[Round "1"]
[White "Nikolenko, Oleg"]
[Black "Abhishek, Kelkar"]
[Result "0-1"]
[WhiteElo "2511"]
[BlackElo "2375"]
[PlyCount "80"]
[EventDate "2016.03.01"]
[EventType "swiss"]
[EventRounds "9"]
[EventCountry "RUS"]
[SourceTitle "CBM 171 Extra"]
[Source "ChessBase"]
[SourceDate "2016.04.26"]
[SourceVersion "1"]
[SourceVersionDate "2016.04.26"]
[SourceQuality "1"]

1. e4 c5 2. Nf3 e6 3. Nc3 a6 4. d4 cxd4 5. Nxd4 b5 6. g3 Bb7 7. Bg2 Nf6 8. 0-0 b4 9. Na4 Bxe4 10. Bxe4 Nxe4 11. Re1 Nc5 12. Qf3 Ra7 13. Nxc5 Bxc5 14. Nb3 Bb6 15. c4 Qf6 16. Qxf6 gxf6 17. Bf4 Nc6 18. Rad1 Kd8 19. Bd6 Kc8 20. Re4 f5 21. Rh4 Bd8 22. Rh5 Bf6 23. Rd2 a5 24. Kg2 a4 25. Nc5 Be5 26. b3 axb3 27. axb3 Bxd6 28. Rxd6 Ra5 29. Na4 Kc7 30. Rd2 Re5 31. c5 Re4 32. h3 Rd4 33. Rb2 Na5 34. Rh6 Kc6 35. Rf6 Rf8 36. Rh6 Kb5 37. Rxh7 Nxb3 38. Rxb3 Kxa4 39. Rb1 b3 40. Ra1+ Kb4 0-1

[Event "Moscow-chT"]
[Site "Moscow"]
[Date "2014.10.05"]
[Round "6.2"]
[White "Gordievsky, Dmitry"]
[Black "Nikolenko, Oleg"]
[Result "0-1"]
[WhiteElo "2455"]
[BlackElo "2515"]
[PlyCount "72"]
[EventDate "2014.09.27"]
[EventType "team-tourn"]
[EventRounds "11"]
[EventCountry "RUS"]
[SourceTitle "CBM 162 Extra"]
[Source "ChessBase"]
[SourceDate "2014.10.17"]
[SourceVersion "1"]
[SourceVersionDate "2014.10.17"]
[SourceQuality "1"]
[WhiteTeam "Boavista"]
[BlackTeam "VNII Avtomatiki"]
[WhiteTeamCountry "RUS"]
[BlackTeamCountry "RUS"]

1. Nf3 Nf6 2. c4 e6 3. Nc3 Bb4 4. Qc2 0-0 5. a3 Bxc3 6. Qxc3 b6 7. g3 Bb7 8. Bg2 d5 9. cxd5 Nxd5 10. Qc2 c5 11. 0-0 Nc6 12. e3 e5 13. d3 f5 14. e4 Nde7 15. Ng5 Qe8 16. Qc4+ Kh8 17. Ne6 Rf6 18. Nc7 Qh5 19. Nxa8 f4 20. Nc7 Nd4 21. Re1 Ne2+ 22. Rxe2 Qxe2 23. Bf1 Qh5 24. Qc2 Rh6 25. h4 Rg6 26. Qe2 f3 27. Qe3 Nc6 28. Kh2 Nd4 29. Rb1 Rg4 30. b4 Bc8 31. Rb2 h6 32. Nd5 Rxh4+ 33. gxh4 Qxh4+ 34. Kg1 Bh3 35. Qe1 Qg4+ 36. Kh2 Bg2 0-1

[Event "Moscow-ch"]
[Site "Moscow"]
[Date "2013.03.30"]
[Round "8"]
[White "Najer, Evgeniy"]
[Black "Nikolenko, Oleg"]
[Result "1-0"]
[WhiteElo "2634"]
[BlackElo "2526"]
[PlyCount "63"]
[EventDate "2013.03.22"]
[EventType "swiss"]
[EventRounds "9"]
[EventCountry "RUS"]
[SourceTitle "CBM 153 Extra"]
[Source "ChessBase"]
[SourceDate "2013.04.22"]
[SourceVersion "1"]
[SourceVersionDate "2013.04.22"]
[SourceQuality "1"]

1. e4 e6 2. d4 d5 3. Nc3 Nf6 4. e5 Nfd7 5. f4 c5 6. Nf3 Nc6 7. Be3 Be7 8. Qd2 0-0 9. dxc5 Bxc5 10. 0-0-0 Qa5 11. a3 f6 12. exf6 Nxf6 13. g3 Bd7 14. Bxc5 Qxc5 15. Bh3 b5 16. Ne5 Bc8 17. Rhe1 Rb8 18. b4 Qd6 19. Qe3 Rb6 20. Qc5 Qxc5 21. bxc5 Ra6 22. Nxb5 Nxe5 23. Rxe5 Ne4 24. Nc7 Rxa3 25. Kb2 Ra5 26. Nxe6 Rf7 27. c6 Rb5+ 28. Ka3 Nc3 29. Rd3 d4 30. Nxd4 Nb1+ 31. Ka2 Rxe5 32. Bxc8 1-0

[Event "Moscow-ch"]
[Site "Moscow"]
[Date "2013.03.29"]
[Round "7"]
[White "Nikolenko, Oleg"]
[Black "Eliseev, Urii"]
[Result "1/2-1/2"]
[WhiteElo "2526"]
[BlackElo "2541"]
[PlyCount "69"]
[EventDate "2013.03.22"]
[EventType "swiss"]
[EventRounds "9"]
[EventCountry "RUS"]
[SourceTitle "CBM 153 Extra"]
[Source "ChessBase"]
[SourceDate "2013.04.22"]
[SourceVersion "1"]
[SourceVersionDate "2013.04.22"]
[SourceQuality "1"]

1. Nf3 Nf6 2. g3 g6 3. Bg2 Bg7 4. c4 0-0 5. 0-0 c6 6. d4 d5 7. b3 Ne4 8. Bb2 Bf5 9. Nfd2 Nd7 10. Nxe4 Bxe4 11. Bxe4 dxe4 12. Nc3 Nf6 13. Qc2 Qxd4 14. Rad1 Qe5 15. Nd5 Qh5 16. Nxf6+ Bxf6 17. Bxf6 exf6 18. Qxe4 Rfe8 19. Qf4 Qxe2 20. Qxf6 Re6 21. Rd8+ Rxd8 22. Qxd8+ Re8 23. Qc7 Qxa2 24. Qxb7 Re6 25. Qb4 Re8 26. Re1 Rxe1+ 27. Qxe1 Qxb3 28. Qe8+ Kg7 29. Qe5+ Kf8 30. Qd6+ Kg8 31. Qd8+ Kg7 32. Qd4+ Kg8 33. Qd8+ Kg7 34. Qd4+ Kg8 35. Qd8+ 1/2-1/2

[Event "Moscow-ch"]
[Site "Moscow"]
[Date "2013.03.26"]
[Round "5"]
[White "Nikolenko, Oleg"]
[Black "Geivondian, Arman"]
[Result "1-0"]
[WhiteElo "2526"]
[BlackElo "2222"]
[PlyCount "77"]
[EventDate "2013.03.22"]
[EventType "swiss"]
[EventRounds "9"]
[EventCountry "RUS"]
[SourceTitle "CBM 153 Extra"]
[Source "ChessBase"]
[SourceDate "2013.04.22"]
[SourceVersion "1"]
[SourceVersionDate "2013.04.22"]
[SourceQuality "1"]

1. Nf3 Nf6 2. g3 d5 3. Bg2 e6 4. c4 Be7 5. d4 0-0 6. Qc2 dxc4 7. Qxc4 a6 8. Bf4 Nd5 9. Nc3 Nxf4 10. gxf4 Bd7 11. Ne5 Bb5 12. Nxb5 axb5 13. Qxb5 Qxd4 14. 0-0 Qxf4 15. e3 Qf5 16. Qxb7 Ra5 17. f4 Bc5 18. Qxc7 Bxe3+ 19. Kh1 Ra4 20. Nc4 Bd4 21. Rfd1 Ra7 22. Qd6 Rd7 23. Qb4 Qxf4 24. Nb6 Rdd8 25. Nd5 exd5 26. Qxd4 Qg5 27. Rac1 Nd7 28. Qxd5 Ne5 29. Qc5 Qf6 30. Rxd8 Rxd8 31. Rf1 Qe6 32. a4 f6 33. a5 Nd3 34. Qc6 Qe3 35. Qf3 Qa7 36. b4 Kh8 37. Qf5 Kg8 38. Bd5+ Kf8 39. Qxd3 1-0

[Event "Moscow-ch"]
[Site "Moscow"]
[Date "2012.03.18"]
[Round "9"]
[White "Nikolenko, Oleg"]
[Black "Belous, Vladimir"]
[Result "1-0"]
[WhiteElo "2532"]
[BlackElo "2524"]
[PlyCount "83"]
[EventDate "2012.03.10"]
[EventType "swiss"]
[EventRounds "9"]
[EventCountry "RUS"]
[SourceTitle "CBM 147 Extra"]
[Source "ChessBase"]
[SourceDate "2012.04.24"]
[SourceVersion "1"]
[SourceVersionDate "2012.04.24"]
[SourceQuality "1"]

1. e4 c5 2. Nf3 Nc6 3. Bb5 d6 4. Bxc6+ bxc6 5. 0-0 e5 6. c3 Nf6 7. Re1 Bg4 8. h3 Bxf3 9. Qxf3 Be7 10. d3 0-0 11. Nd2 Ne8 12. Nc4 Nc7 13. b4 cxb4 14. cxb4 Qd7 15. Qg4 Qxg4 16. hxg4 d5 17. Nxe5 Bxb4 18. Re2 dxe4 19. Rxe4 Bc3 20. Rb1 Rab8 21. Rxb8 Rxb8 22. Be3 Bxe5 23. Rxe5 Nd5 24. Bxa7 Ra8 25. Bc5 f6 26. Re2 Nc3 27. Re6 Rxa2 28. Rxc6 Ne2+ 29. Kh2 Rc2 30. Rc8+ Kf7 31. Rf8+ Ke6 32. Re8+ Kd5 33. Be3 Rc7 34. Bb6 Rc2 35. Re7 Nf4 36. Rxg7 Nxd3 37. Rd7+ Kc4 38. Rxh7 Rb2 39. Rc7+ Kd5 40. Rd7+ Kc4 41. Rd4+ Kc3 42. Rd6 1-0

[Event "Moscow-ch KO"]
[Site "Moscow"]
[Date "2011.05.18"]
[Round "1.3"]
[White "Tilicheev, Viacheslav"]
[Black "Nikolenko, Oleg"]
[Result "0-1"]
[WhiteElo "2361"]
[BlackElo "2537"]
[PlyCount "118"]
[EventDate "2011.05.18"]
[EventType "k.o."]
[EventRounds "2"]
[EventCountry "RUS"]
[SourceTitle "CBM 142 Extra"]
[Source "ChessBase"]
[SourceDate "2011.06.27"]
[SourceVersion "1"]
[SourceVersionDate "2011.06.27"]
[SourceQuality "1"]

1. Nf3 g6 2. c4 Bg7 3. Nc3 c5 4. g3 Nc6 5. Bg2 e6 6. 0-0 Nge7 7. d3 0-0 8. Bg5 h6 9. Bd2 d5 10. cxd5 exd5 11. a3 b6 12. Rb1 a5 13. Re1 Re8 14. h4 Be6 15. Bf4 d4 16. Nb5 Nd5 17. Bd2 a4 18. Nh2 Qd7 19. b3 axb3 20. Rxb3 Nc3 21. Nxc3 Bxb3 22. Qxb3 dxc3 23. Bxc3 Bxc3 24. Qxc3 h5 25. Nf3 Rab8 26. Ng5 Qd4 27. Qb3 Ne5 28. Rd1 Re7 29. e3 Qd6 30. d4 Rd8 31. Ne4 Qe6 32. d5 Qf5 33. Qxb6 Ra8 34. Qxc5 Rea7 35. d6 Nf3+ 36. Bxf3 Qxf3 37. Qd4 Ra4 38. Nf6+ Kh8 39. Qa1 Rxa3 40. Qd4 R3a4 41. Qe5 Qxd1+ 42. Kh2 Qf3 43. Ne8+ f6 44. Qxf6+ Qxf6 45. Nxf6 Rd8 46. d7 Ra6 47. Nd5 Rxd7 48. Nf4 Rf6 49. Nh3 Rd2 50. Kg2 Kg7 51. Kf1 Ra2 52. Ke1 Rb6 53. Kf1 Rbb2 54. Kg2 Kf6 55. Kf3 Kf5 56. e4+ Ke5 57. Kg2 Kxe4 58. Ng5+ Kd3 59. Nh3 Rxf2+ 0-1

[Event "Moscow-ch act"]
[Site "Moscow"]
[Date "2010.10.03"]
[Round "3"]
[White "Ulko, Jaroslav"]
[Black "Nikolenko, Oleg"]
[Result "0-1"]
[WhiteElo "2451"]
[BlackElo "2537"]
[PlyCount "75"]
[EventDate "2010.10.03"]
[EventType "swiss"]
[EventRounds "9"]
[EventCountry "RUS"]
[SourceTitle "EXT 2012"]
[Source "ChessBase"]
[SourceDate "2011.11.24"]
[SourceVersion "1"]
[SourceVersionDate "2011.11.24"]
[SourceQuality "1"]

1. d4 Nf6 2. c4 g6 3. Nc3 d5 4. Nf3 Bg7 5. cxd5 Nxd5 6. Bg5 c5 7. Rc1 Nxc3 8. bxc3 Nc6 9. e3 h6 10. Bh4 0-0 11. Be2 Be6 12. Qd2 g5 13. Bg3 Qa5 14. d5 Rfd8 15. c4 Nb4 16. Be5 Bxd5 17. cxd5 Rxd5 18. Qc3 Rxe5 19. 0-0 Rf5 20. Qc4 e6 21. Qe4 Rb8 22. g4 Rd5 23. Bc4 Rd6 24. h4 b5 25. Bb3 c4 26. Bc2 Nxc2 27. Rxc2 Qd8 28. hxg5 hxg5 29. Kg2 Rd1 30. Rxd1 Qxd1 31. Rd2 Qa1 32. Nxg5 Qf6 33. f4 Rd8 34. Rf2 Qg6 35. Qc6 c3 36. Qc7 Bf6 37. Kg3 Rd2 38. Nf3 0-1

[Event "Moscow-ch final"]
[Site "Moscow"]
[Date "2010.05.23"]
[Round "1"]
[White "Nikolenko, Oleg"]
[Black "Dvalishvili, Pavel S"]
[Result "1/2-1/2"]
[WhiteElo "2545"]
[BlackElo "2446"]
[PlyCount "66"]
[EventDate "2010.05.23"]
[EventType "tourn"]
[EventRounds "7"]
[EventCountry "RUS"]
[EventCategory "12"]
[SourceTitle "CBM 137"]
[Source "ChessBase"]
[SourceDate "2010.07.15"]
[SourceVersion "1"]
[SourceVersionDate "2010.07.15"]
[SourceQuality "1"]

1. e4 e5 2. Nf3 Nc6 3. Bb5 a6 4. Ba4 Nf6 5. 0-0 Be7 6. Re1 b5 7. Bb3 0-0 8. c3 d6 9. h3 Na5 10. Bc2 c5 11. d4 Qc7 12. Nbd2 Bd7 13. Nf1 Nc4 14. Qe2 Rac8 15. b3 Nb6 16. dxe5 dxe5 17. c4 Nh5 18. Ne3 Nf4 19. Qd1 Bd6 20. a4 Rcd8 21. Bb2 Qb8 22. Qc1 Rfe8 23. axb5 axb5 24. cxb5 Bxb5 25. Nf5 f6 26. Nxd6 Rxd6 27. Qe3 Bd3 28. Bd1 Nd7 29. Ba3 Bb5 30. Bc2 Bd3 31. Bd1 Bb5 32. Bc2 Bd3 33. Bd1 Bb5 1/2-1/2